| 000 | 00430pab a2200169 454500 | ||
|---|---|---|---|
| 008 | 180718b1999 xxu||||| |||| 00| 0 eng d | ||
| 100 | _aNarayanan, M.K. | ||
| 245 | _aAll parties need a change in leadership | ||
| 260 | _c1999 | ||
| 300 | _ap.12 | ||
| 362 | _a10 May | ||
| 650 | _aIndia - Politics and government | ||
| 650 | _aPolitics and government | ||
| 650 | _aPolitical parties | ||
| 773 | _aAsian Age | ||
| 909 | _a42208 | ||
| 999 |
_c42208 _d42208 |
||